000 00645nam a2200241 a 4500
001 nice12345678
003 IN_TiNIC
005 20260116013102.0
008 050524s1996 cama grp 000 0 eng
020 _a0521960
_c958.3
082 0 0 _a224.10609
_bSAW
100 _aSawyer, John F A
245 _aFifth Gospel
_b Isaiah in the History of Christianity
260 _aCambridge
_bCambridge University Press
_c1996
300 _a281p
500 _aincludes index and biblioraphy
505 2 _aBibliography, Index
650 _aBible-Prophets
700 1 _aSawyer, John F A
902 _bSRS
942 _cBK
999 _c9590
_d9590